Cristianismo en un mundo secularizado /

Uloženo v:
Podrobná bibliografie
Hlavní autor: Castiñeiras, Jaime (autor)
Další autoři: Domínguez, Javier (autor) (autor)
Médium: Kniha
Jazyk:španělština
Vydáno: Bilbao, España : Mensajero, 1968, c1968
Tagy: Přidat tag
Žádné tagy, Buďte první, kdo vytvoří štítek k tomuto záznamu!

MARC

LEADER 00000nam^a2200000^a^4500
001 000444452
005 20250521000000.0
009 20260310123518.1
037 |a Acervo Xavier Clavigero 
041 |a ESP 
091 |a FCA. 00556 
100 |a Castiñeiras, Jaime  |e (autor) 
245 1 0 |a Cristianismo en un mundo secularizado / 
264 4 |a Bilbao, España :  |b Mensajero,  |c 1968, c1968 
300 |a 147 p. 
336 |a texto  |b txt  |2 rdacontenido 
337 |a sin mediación  |b n  |2 rdamedio 
338 |a volumen  |b nc  |2 rdasoporte 
649 |a XX 
700 |a Domínguez, Javier  |e (autor) 
910 |a Fondo Xavier Cacho Vázquez S.J. 
920 |a Impresos - Libros 
930 |a Fondos Especiales 
905 |a 131 
901 |a 0500331182  |b IT2  |c ESP  |i D6808  |u 20250521 
902 |a https://opac.biblio.iteso.mx/vufind/Record/000444452